00679nam a2200229 a 4500001001300000003000900013005001700022008004100039020002300080082001600103100002100119245003800140260003300178300001000211500003500221650002300256700002100279902000800300942000700308952011700315999001700432nice12345678IN_TiNIC20260116014906.0131226s2010 dela grp 000 0 eng  a818757030X c12000a297.1bKHA4 aKhan, Wahiduddin aIslamb Creator of the Modern Age aDelhibGoodword Books c2010 a127p  aincludes index and biblioraphy aIslam-20th Century1 aKhan, Wahiduddin bSRS cBK 001040708StackRoom-aHMIbHMId2013-12-26g120.00l0o297.1 KHA4p024281r2013-12-26v120.00w2013-12-26yBK c17434d17434